Vínculos afectivos: formación, desarrollo y pérdida
I tiakina i:
| Kaituhi matua: | |
|---|---|
| Hōputu: | Pukapuka |
| Reo: | Pāniora |
| I whakaputaina: |
Madrid
Morata
1986
|
| Rangatū: | Colección Psicología. Corrientes Psicológicas
|
| Ngā marau: | |
| Ngā Tūtohu: |
Tāpirihia he Tūtohu
Kāore He Tūtohu, Me noho koe te mea tuatahi ki te tūtohu i tēnei pūkete!
|
MARC
| LEADER | 00000nam a2200000 a 4500 | ||
|---|---|---|---|
| 001 | UCN8880 | ||
| 003 | CL-VaPUC | ||
| 008 | 011123e19860000SP |||||||||||||||||spa|d | ||
| 020 | |a 8471123096 | ||
| 082 | 0 | 4 | |a 155.4 |b BOW |2 21 |
| 100 | 0 | |a Bowlby, John |e author |9 465451 | |
| 245 | 1 | 0 | |a Vínculos afectivos: formación, desarrollo y pérdida |
| 300 | |a 208 p | ||
| 942 | |c BK | ||
| 945 | |d 20011123 00:00:00 |a vberengu | ||
| 260 | |a Madrid |b Morata |c 1986 | ||
| 650 | 0 | |a Psicología del niño |9 307305 | |
| 650 | 0 | |a Psicoanálisis |9 265702 | |
| 650 | 0 | |a Desarrollo individual |9 307875 | |
| 650 | 0 | |a Comportamiento |9 308406 | |
| 650 | 0 | |a Desarrollo afectivo |9 334359 | |
| 650 | 0 | |a Emociones |9 265224 | |
| 650 | 0 | |a Naturaleza humana |9 308593 | |
| 583 | |a last modification |c 20130107 12:17:02 |k Rodrigo Vera | ||
| 490 | 0 | |a Colección Psicología. Corrientes Psicológicas | |
| 999 | |c 298617 |d 298615 | ||
| 952 | |0 0 |1 0 |4 0 |6 155_400000000000000_BOW_1986 |7 0 |8 A |9 354326 |a BIBEDU |b BIBEDU |d 2019-11-21 |i 3777936 |o 155.4 BOW 1986 |p 3777936 |r 2019-11-21 |w 2019-11-21 |y BK |k PSI | ||
| 952 | |0 0 |1 0 |4 0 |6 155_400000000000000_BOW_1986 |7 0 |8 A |9 354327 |a BIBGIM |b BIBGIM |d 2019-11-21 |i 3836401 |o 155.4 BOW 1986 |p 3836401 |r 2019-11-21 |w 2019-11-21 |y BK |k SSL | ||
| 952 | |0 0 |1 0 |4 0 |6 155_400000000000000_BOW_1986 |7 0 |8 A |9 354328 |a BIBEDU |b BIBEDU |d 2019-11-21 |i 4098072 |o 155.4 BOW 1986 |p 4098072 |r 2019-11-21 |w 2019-11-21 |y BK |k PAR | ||
| 952 | |0 0 |1 0 |4 0 |6 155_400000000000000_BOW_1986 |7 0 |8 A |9 354329 |a BIBEDU |b BIBEDU |d 2019-11-21 |i 4098080 |o 155.4 BOW 1986 |p 4098080 |r 2019-11-21 |w 2019-11-21 |y BK |k PAR | ||
| 952 | |0 0 |1 0 |4 0 |6 155_400000000000000_BOW_1986 |7 0 |8 A |9 354330 |a BIBEDU |b BIBEDU |d 2019-11-21 |i 4098412 |l 1 |o 155.4 BOW 1986 |p 4098412 |r 2024-09-24 |s 2024-09-03 |w 2019-11-21 |y BK |k EDI | ||
| 952 | |0 0 |1 0 |4 0 |6 155_400000000000000_BOW_1986 |7 0 |8 A |9 354331 |a BIBEDU |b BIBEDU |d 2019-11-21 |i 4098420 |l 2 |m 3 |o 155.4 BOW 1986 |p 4098420 |r 2022-09-29 |s 2022-09-13 |w 2019-11-21 |y BK |k EDI | ||